<?xml version="1.0" encoding="UTF-8"?>
<record
    xmlns:xsi="http://www.w3.org/2001/XMLSchema-instance"
    xsi:schemaLocation="http://www.loc.gov/MARC21/slim http://www.loc.gov/standards/marcxml/schema/MARC21slim.xsd"
    xmlns="http://www.loc.gov/MARC21/slim">

  <leader>03407cam a2200337 a 4500</leader>
  <controlfield tag="001">2616615</controlfield>
  <controlfield tag="003">OSt</controlfield>
  <controlfield tag="005">20210414114450.0</controlfield>
  <controlfield tag="008">980721s1999    cau      b    001 0 eng  </controlfield>
  <datafield tag="010" ind1=" " ind2=" ">
    <subfield code="a">   98036731 </subfield>
  </datafield>
  <datafield tag="020" ind1=" " ind2=" ">
    <subfield code="a">1559349611</subfield>
  </datafield>
  <datafield tag="040" ind1=" " ind2=" ">
    <subfield code="a">DLC</subfield>
    <subfield code="c">DLC</subfield>
    <subfield code="d">DLC</subfield>
  </datafield>
  <datafield tag="043" ind1=" " ind2=" ">
    <subfield code="a">n-us---</subfield>
  </datafield>
  <datafield tag="050" ind1="0" ind2="0">
    <subfield code="a">P94.65.U6.R39 </subfield>
  </datafield>
  <datafield tag="082" ind1="0" ind2="0">
    <subfield code="a">302.23/0973</subfield>
    <subfield code="2">21</subfield>
  </datafield>
  <datafield tag="100" ind1=" " ind2=" ">
    <subfield code="a">Massey, Kimberly B.</subfield>
  </datafield>
  <datafield tag="245" ind1="0" ind2="0">
    <subfield code="a">Readings in mass communication : Media literacy and culture. /</subfield>
    <subfield code="c"> Kimberly B. Massey.</subfield>
  </datafield>
  <datafield tag="260" ind1=" " ind2=" ">
    <subfield code="a">London :</subfield>
    <subfield code="b">Mayfield Pub,</subfield>
    <subfield code="c">1999.</subfield>
  </datafield>
  <datafield tag="300" ind1=" " ind2=" ">
    <subfield code="a">xxi, 295p.:</subfield>
    <subfield code="c">24 cm.</subfield>
  </datafield>
  <datafield tag="500" ind1=" " ind2=" ">
    <subfield code="a">Includes bibliographical references and index.</subfield>
  </datafield>
  <datafield tag="505" ind1=" " ind2=" ">
    <subfield code="a">Contents: Mass communication, culture, and mass media: The people's communication charter -- The stories we tell -- Media literacy and culture: Floklore in a box -- The big sellout: Is creative independence a luxury we can no longer afford? -- History? education? zap! pow! cut! -- Books: The crushing power of big publishing -- The oprah effect: how TV's premier talk show host puts books over the top -- The dumb-down -- Newspapers: A tour of uncertain future -- Shop talk at thirty: A look at Asians as portrayed in the news -- Los Angeles times publisher mark willes in praise of the "cereal killer" -- Holiness, royalty and fame -- Magazines: Girl wide web -- The color of money part I -- The power of money part II -- Film: Hollywood guilds put the moves on multimedia -- Disney's all smiles -- Radio and sound recording: Radio activity -- Reading between the lines: Let's stop crying wolf on censorship -- Television: Call it courage -- The rich tapestry of hispanic america is virturally invisible on commercial television -- TV could nourish minds and hearts -- Public relations: PR! a social history of spin -- Smoker's hacks -- Targeting minority publics -- Advertising: "Buy nothings" discover a cure for affluenza  -- Move over boomers, the "xers" are here(or are they?) -- Tuning in to generation x -- Now worse than ever! cynicism in advertising! -- Saturday morning fever: The hardsell takeover of kids tv -- Theories of communication: Shifting words of strangers: Medium theory and changes in "them" versus "us" -- Post modernism defined at last! -- Mass communication research and effects: All quiet on the feminist front -- African american images on television and film -- If liberals go marching back in -- Media regulation, freedom and ethics: Telecom -- The big telecom rip-off glides through congress -- Di dies; we follow the money -- The internet and the world wide web: Changing the paradigm: Technocracy R.I.P.: The rise and of technology signals the fall of technocracy -- How the decency fight was won -- Cable tv: A crisis looms -- The changing global village: At 75, voice of Britain has a new accent -- Europe's technology gap is getting scary -- Antidotes 1-5.</subfield>
  </datafield>
  <datafield tag="650" ind1=" " ind2="0">
    <subfield code="a">Mass media and culture</subfield>
    <subfield code="z">United States.</subfield>
  </datafield>
  <datafield tag="650" ind1=" " ind2="0">
    <subfield code="a">Popular culture</subfield>
    <subfield code="z">United States.</subfield>
  </datafield>
  <datafield tag="650" ind1=" " ind2="0">
    <subfield code="a">Media literacy.</subfield>
  </datafield>
  <datafield tag="856" ind1="4" ind2="2">
    <subfield code="3">Publisher description</subfield>
    <subfield code="u">http://www.loc.gov/catdir/description/mh024/98036731.html</subfield>
  </datafield>
  <datafield tag="856" ind1="4" ind2="1">
    <subfield code="3">Table of contents</subfield>
    <subfield code="u">http://www.loc.gov/catdir/toc/mh023/98036731.html</subfield>
  </datafield>
  <datafield tag="906" ind1=" " ind2=" ">
    <subfield code="a">7</subfield>
    <subfield code="b">cbc</subfield>
    <subfield code="c">orignew</subfield>
    <subfield code="d">1</subfield>
    <subfield code="e">ocip</subfield>
    <subfield code="f">19</subfield>
    <subfield code="g">y-gencatlg</subfield>
  </datafield>
  <datafield tag="942" ind1=" " ind2=" ">
    <subfield code="2">lcc</subfield>
    <subfield code="c">BK</subfield>
  </datafield>
  <datafield tag="999" ind1=" " ind2=" ">
    <subfield code="c">5587</subfield>
    <subfield code="d">13087</subfield>
  </datafield>
  <datafield tag="952" ind1=" " ind2=" ">
    <subfield code="0">0</subfield>
    <subfield code="1">0</subfield>
    <subfield code="2">lcc</subfield>
    <subfield code="4">0</subfield>
    <subfield code="7">0</subfield>
    <subfield code="a">WIUC-1</subfield>
    <subfield code="b">WIUC-1</subfield>
    <subfield code="c">REF</subfield>
    <subfield code="d">2015-06-30</subfield>
    <subfield code="l">0</subfield>
    <subfield code="o">P94.65.U6.R39</subfield>
    <subfield code="p">7978/405/15</subfield>
    <subfield code="r">2015-06-30 00:00:00</subfield>
    <subfield code="w">2015-06-30</subfield>
    <subfield code="y">BK</subfield>
  </datafield>
</record>
